[Event "American Cup Elim"]
[Site "Saint Louis"]
[Date "2025.03.19"]
[Round "2.4"]
[White "So, Wesley"]
[Black "Aronian, Levon"]
[Result "0-1"]
[WhiteElo "2748"]
[BlackElo "2748"]
[PlyCount "67"]
[EventDate "2025.03.17"]
[EventType "k.o."]
[EventRounds "4"]
[EventCountry "USA"]
[SourceTitle "CB13_2025"]
[SourceDate "2025.03.26"]
[SourceVersion "1"]
[SourceVersionDate "2025.03.26"]
[SourceQuality "1"]

1. d4 Nf6 2. c4 e6 3. Nc3 d5 4. cxd5 exd5 5. Bg5 Bb4 6. e3 h6 7. Bh4 g5 8. Bg3 h5 9. Qa4+ Nc6 10. Bb5 Bd7 11. Nge2 Ne4 12. f3 Nxg3 13. hxg3 Bd6 14. Qb3 a6 15. Bd3 Nb4 16. Bb1 Be6 17. g4 c5 18. a3 c4 19. Qd1 Nc6 20. e4 Qa5 21. Qd2 0-0-0 22. exd5 Bxd5 23. Nxd5 Qxd5 24. Be4 Qb5 25. Bxc6 Qxc6 26. gxh5 g4 27. Qg5 gxf3 28. Qf5+ Kb8 29. Qxf3 Qxf3 30. gxf3 Rh6 31. Kd2 Rdh8 32. Rag1 Rxh5 33. Rxh5 Rxh5 34. Kc3 0-1

[Event "American Cup Champ"]
[Site "Saint Louis"]
[Date "2025.03.17"]
[Round "1.2"]
[White "Dominguez Perez, Leinier"]
[Black "So, Wesley"]
[Result "1/2-1/2"]
[WhiteElo "2741"]
[BlackElo "2748"]
[PlyCount "73"]
[EventDate "2025.03.15"]
[EventType "k.o."]
[EventRounds "4"]
[EventCountry "USA"]
[SourceTitle "CB13_2025"]
[SourceDate "2025.03.26"]
[SourceVersion "1"]
[SourceVersionDate "2025.03.26"]
[SourceQuality "1"]

1. e4 e5 2. Nf3 Nc6 3. Bc4 Bc5 4. c3 Nf6 5. d3 d6 6. 0-0 a6 7. a4 Ba7 8. Re1 0-0 9. h3 b5 10. Bb3 b4 11. a5 Rb8 12. Bc4 bxc3 13. bxc3 Nxa5 14. Rxa5 Rxb1 15. Qc2 Rb8 16. Bxa6 Bb6 17. Ra3 Bxa6 18. Rxa6 h6 19. Nd2 Ra8 20. Rxa8 Qxa8 21. Nc4 Bc5 22. Be3 Bxe3 23. Nxe3 Rb8 24. Rb1 Rxb1+ 25. Qxb1 g6 26. g3 Kg7 27. h4 Qa3 28. Qc2 h5 29. Qd2 Qc5 30. Nf5+ gxf5 31. Qg5+ Kf8 32. Qxf6 fxe4 33. Qd8+ Kg7 34. Qg5+ Kf8 35. Qd8+ Kg7 36. Qg5+ Kf8 37. Qd8+ 1/2-1/2

[Event "American Cup Elim"]
[Site "Saint Louis"]
[Date "2025.03.17"]
[Round "1.1"]
[White "So, Wesley"]
[Black "Mishra, Abhimanyu"]
[Result "1-0"]
[WhiteElo "2748"]
[BlackElo "2600"]
[PlyCount "119"]
[EventDate "2025.03.17"]
[EventType "k.o."]
[EventRounds "4"]
[EventCountry "USA"]
[SourceTitle "CB13_2025"]
[SourceDate "2025.03.26"]
[SourceVersion "1"]
[SourceVersionDate "2025.03.26"]
[SourceQuality "1"]

1. e4 c5 2. Nf3 d6 3. d4 cxd4 4. Nxd4 Nf6 5. Nc3 a6 6. Be3 e5 7. Nf3 Be7 8. Bc4 0-0 9. Bb3 Be6 10. 0-0 Nc6 11. Bg5 Nd7 12. Bxe7 Qxe7 13. Nd5 Bxd5 14. Qxd5 Nf6 15. Qd3 Na5 16. Nd2 Rac8 17. Nc4 Nxc4 18. Bxc4 Rc6 19. Rfd1 Rd8 20. Bb3 Qc7 21. Qe2 Qb6 22. Rd3 Rc7 23. Rad1 Qc6 24. c3 Rcd7 25. Bd5 Nxd5 26. Rxd5 b5 27. h4 h6 28. R1d3 Re7 29. h5 Re6 30. Qg4 Qe8 31. Rg3 g6 32. hxg6 fxg6 33. Qd1 Kg7 34. Rgd3 Qc6 35. Qg4 Qe8 36. g3 Qe7 37. Qd1 h5 38. a4 bxa4 39. Qxa4 Qa7 40. Rf3 Rf8 41. Rxf8 Kxf8 42. Qc6 Rf6 43. Rd2 Kg7 44. b4 g5 45. c4 h4 46. c5 hxg3 47. Rxd6 gxf2+ 48. Kf1 Rxd6 49. Qxd6 Qf7 50. Qxe5+ Kg6 51. Qd6+ Kh5 52. Qd1+ Kh4 53. Kg2 Qa2 54. Qh1+ Kg4 55. Qh3+ Kf4 56. Qf3+ Ke5 57. Qf5+ Kd4 58. Qxf2+ Qxf2+ 59. Kxf2 Ke5 60. Kf3 1-0

[Event "American Cup Champ"]
[Site "Saint Louis"]
[Date "2025.03.16"]
[Round "1.1"]
[White "So, Wesley"]
[Black "Dominguez Perez, Leinier"]
[Result "1/2-1/2"]
[WhiteElo "2748"]
[BlackElo "2741"]
[PlyCount "84"]
[EventDate "2025.03.15"]
[EventType "k.o."]
[EventRounds "4"]
[EventCountry "USA"]
[SourceTitle "CB13_2025"]
[SourceDate "2025.03.26"]
[SourceVersion "1"]
[SourceVersionDate "2025.03.26"]
[SourceQuality "1"]

1. c4 e6 2. Nc3 Nf6 3. Nf3 d5 4. d4 Bb4 5. Qa4+ Nc6 6. e3 0-0 7. Qc2 Re8 8. Bd2 a6 9. a3 Bd6 10. h3 Bd7 11. Rd1 h6 12. c5 Bf8 13. Ne5 Nxe5 14. dxe5 Ne4 15. Nxe4 dxe4 16. Ba5 Qc8 17. g4 Bc6 18. Bg2 Rd8 19. Rxd8 Qxd8 20. Bxe4 Bxe4 21. Qxe4 Bxc5 22. Qxb7 Rb8 23. Qxc7 Qxc7 24. Bxc7 Rxb2 25. 0-0 Bxa3 26. Ra1 Be7 27. Rxa6 Bh4 28. f4 Bf2+ 29. Kh1 Bxe3 30. f5 Bf4 31. Ra8+ Kh7 32. Rf8 Rb7 33. Rxf7 Bxe5 34. fxe6 Bxc7 35. e7 Rb1+ 36. Kg2 Re1 37. e8Q Rxe8 38. Rxc7 Re2+ 39. Kg3 Re3+ 40. Kg2 Re2+ 41. Kg3 Re3+ 42. Kg2 Re2+ 1/2-1/2

[Event "Champions Showdown Kings"]
[Site "Saint Louis"]
[Date "2025.03.06"]
[Round "3.1"]
[White "Dominguez Perez, Leinier"]
[Black "So, Wesley"]
[Result "0-1"]
[WhiteElo "2741"]
[BlackElo "2748"]
[PlyCount "82"]
[EventDate "2025.03.04"]
[EventType "match"]
[EventRounds "3"]
[EventCountry "USA"]
[SourceTitle "CB11_2025"]
[SourceDate "2025.03.12"]
[SourceVersion "1"]
[SourceVersionDate "2025.03.12"]
[SourceQuality "1"]

1. e4 e5 2. Nf3 Nc6 3. Bc4 Nf6 4. d3 Bc5 5. 0-0 a6 6. c3 d6 7. a4 h6 8. Re1 Ba7 9. Nbd2 0-0 10. h3 Qe7 11. b4 Be6 12. Rb1 Qd7 13. Bxe6 Qxe6 14. b5 axb5 15. axb5 Ne7 16. d4 Ng6 17. Qc2 Rfe8 18. Nf1 Bb6 19. Ng3 Ra2 20. Rb2 Ra1 21. Rb1 Ra2 22. Rb2 Ra1 23. Rb1 Rxb1 24. Qxb1 Qc4 25. Qb2 Ba5 26. Re3 Nf4 27. Nd2 Qa4 28. Qb3 Qa1 29. Qb1 Bxc3 30. Qxa1 Bxa1 31. dxe5 Bxe5 32. Nc4 Bd4 33. Rb3 Ne6 34. Be3 Nc5 35. Ra3 Bxe3 36. Nxe3 Nfxe4 37. Nxe4 Rxe4 38. Ra8+ Kh7 39. Rc8 Ne6 40. Rb8 b6 41. Rc8 Re5 0-1

[Event "Champions Showdown Kings"]
[Site "Saint Louis"]
[Date "2025.03.06"]
[Round "3.2"]
[White "Dominguez Perez, Leinier"]
[Black "So, Wesley"]
[Result "1/2-1/2"]
[WhiteElo "2741"]
[BlackElo "2748"]
[PlyCount "194"]
[EventDate "2025.03.04"]
[EventType "match"]
[EventRounds "3"]
[EventCountry "USA"]
[SourceTitle "CB11_2025"]
[SourceDate "2025.03.12"]
[SourceVersion "1"]
[SourceVersionDate "2025.03.12"]
[SourceQuality "1"]

1. e4 e5 2. Nf3 Nc6 3. Bb5 Nf6 4. 0-0 Nxe4 5. d4 Nd6 6. Bxc6 dxc6 7. dxe5 Nf5 8. Qxd8+ Kxd8 9. h3 Ke8 10. Nc3 h5 11. Rd1 Be7 12. Ne2 Nh4 13. Nxh4 Bxh4 14. f3 Be7 15. g4 f6 16. exf6 gxf6 17. Bf4 hxg4 18. hxg4 Kf7 19. Kf2 Be6 20. Nd4 Bc5 21. Kg3 Bxd4 22. Rxd4 c5 23. Rd2 Rad8 24. Rxd8 Rxd8 25. Rh1 Kg7 26. a3 c6 27. Bh6+ Kg6 28. Be3 b6 29. Rh6+ Kg7 30. g5 Rf8 31. Bd2 Bf5 32. Bc3 Bg6 33. f4 Kf7 34. Bxf6 Re8 35. Be5 Re6 36. Rh2 Bf5 37. c4 Re7 38. a4 a6 39. Kf3 b5 40. b3 Re6 41. Ra2 Re7 42. axb5 axb5 43. Ra6 Re6 44. Rb6 b4 45. Ra6 Bc2 46. Ra2 Bxb3 47. Ra7+ Kg6 48. Rg7+ Kf5 49. Rf7+ Kg6 50. Rf8 Bc2 51. Ke3 Bb1 52. Kd2 Be4 53. Ra8 Re7 54. Rg8+ Kf7 55. Rd8 Bf5 56. Kc1 Re8 57. Rd6 Re6 58. Rd2 Re7 59. Kb2 Rd7 60. Rh2 Rd1 61. Rh6 Bg6 62. Rh8 Rd2+ 63. Kc1 Rc2+ 64. Kd1 b3 65. Rb8 Rxc4 66. Rb6 Be4 67. Kd2 Rb4 68. Rxb4 cxb4 69. Kc1 Ke6 70. Kb2 Bd5 71. Bd4 Kd6 72. Be5+ Ke6 73. Bd4 Kd6 74. Be5+ Kc5 75. f5 Kc4 76. f6 Bf7 77. Bg3 c5 78. Be1 Bg6 79. Bd2 Bh5 80. Be1 Bf7 81. Bd2 Kd4 82. Be1 Kc4 83. Bd2 Kb5 84. g6 Bxg6 85. Kxb3 Bf7+ 86. Kb2 Kc4 87. Be3 Kd5 88. Bf2 Be6 89. Be3 Bg8 90. Bf2 Bf7 91. Be3 Bg6 92. Bf2 c4 93. Be1 Kc5 94. Bd2 c3+ 95. Bxc3 bxc3+ 96. Kxc3 Kd5 97. f7 Bxf7 1/2-1/2

[Event "Champions Showdown Kings rapid"]
[Site "Saint Louis"]
[Date "2025.03.05"]
[Round "2.3"]
[White "Caruana, Fabiano"]
[Black "So, Wesley"]
[Result "1/2-1/2"]
[WhiteElo "2783"]
[BlackElo "2748"]
[PlyCount "85"]
[EventDate "2025.03.04"]
[EventType "match (rapid)"]
[EventRounds "3"]
[EventCountry "USA"]
[SourceTitle "CB11_2025"]
[SourceDate "2025.03.12"]
[SourceVersion "1"]
[SourceVersionDate "2025.03.12"]
[SourceQuality "1"]

1. e4 e5 2. Nf3 Nc6 3. Bb5 Nf6 4. d3 Bc5 5. c3 0-0 6. 0-0 d5 7. exd5 Qxd5 8. Bc4 Qd8 9. b4 Bd6 10. Bg5 e4 11. dxe4 h6 12. Bxf6 Qxf6 13. Qc2 Ne5 14. Nbd2 Nxf3+ 15. Nxf3 Bg4 16. Nd4 Bxb4 17. h3 Bh5 18. f4 Bg6 19. Qb3 Bc5 20. e5 Qb6 21. f5 Bxf5 22. Qxb6 axb6 23. Rxf5 Ra4 24. Bb3 Rxd4 25. cxd4 Bxd4+ 26. Kh1 Bxa1 27. e6 Bf6 28. exf7+ Rxf7 29. g4 Kf8 30. Bxf7 Kxf7 31. Kg2 Ke6 32. Kf3 c5 33. Ke4 Kd6 34. a4 Kc6 35. Rf1 b5 36. axb5+ Kxb5 37. Kd5 Bd4 38. Rb1+ Ka6 39. Kc4 Bf2 40. Rb3 Bd4 41. Rb1 Bf2 42. Rb3 Bd4 43. Rb1 1/2-1/2

[Event "Champions Showdown Kings rapid"]
[Site "Saint Louis"]
[Date "2025.03.05"]
[Round "2.2"]
[White "So, Wesley"]
[Black "Caruana, Fabiano"]
[Result "0-1"]
[WhiteElo "2748"]
[BlackElo "2783"]
[PlyCount "194"]
[EventDate "2025.03.04"]
[EventType "match (rapid)"]
[EventRounds "3"]
[EventCountry "USA"]
[SourceTitle "CB11_2025"]
[SourceDate "2025.03.12"]
[SourceVersion "1"]
[SourceVersionDate "2025.03.12"]
[SourceQuality "1"]

1. d4 Nf6 2. c4 e6 3. Nc3 d5 4. Nf3 Bb4 5. e3 0-0 6. Bd2 Nbd7 7. Qc2 Re8 8. Rc1 Bf8 9. cxd5 exd5 10. Bd3 c6 11. 0-0 g6 12. h3 Qe7 13. Rce1 Ne4 14. Bc1 f5 15. b3 Qg7 16. Nd2 Ndf6 17. Nf3 Nd7 18. Nd2 Bd6 19. Bb2 Nxd2 20. Qxd2 Nf6 21. f3 Qh6 22. Bc1 Qh4 23. f4 Bd7 24. Qf2 Qh6 25. Ne2 a5 26. a4 b5 27. Nc3 Rab8 28. Qc2 Qf8 29. Kh2 Rbc8 30. Ne2 bxa4 31. bxa4 c5 32. Ba6 Rc7 33. dxc5 Bxc5 34. Nd4 Qd6 35. Nb5 Bxb5 36. Bxb5 Bb4 37. Qd1 Rec8 38. Bd2 Ne4 39. Bxb4 axb4 40. Qd4 Rc2 41. Bd3 Rd2 42. Rd1 Rxd1 43. Rxd1 Nc3 44. Rc1 Qc5 45. Qe5 b3 46. Qe6+ Kg7 47. Qd7+ Kh8 48. a5 b2 49. Re1 Qc7 50. Qe6 Rb8 51. a6 Kg7 52. Rf1 Rb6 53. Qe8 Rb8 54. Qe6 Rd8 55. Rf2 Na4 56. a7 Nc5 57. a8Q Rxa8 58. Qxd5 Rd8 59. Qc4 Rxd3 60. Rxb2 Qd6 61. Rb5 Nd7 62. Ra5 Kh6 63. Ra6 Qd5 64. Qxd5 Rxd5 65. g4 Kg7 66. Ra7 Kf6 67. Kg3 h6 68. Ra6+ Kg7 69. Ra7 Kf7 70. Kf3 Ke6 71. Ra6+ Rd6 72. Ra5 Rc6 73. Ra8 Nf6 74. Rh8 Rc2 75. gxf5+ gxf5 76. Kg3 Kf7 77. Kh4 Kg6 78. Ra8 Rc3 79. Ra7 Rb3 80. Rc7 Ra3 81. Rb7 h5 82. Re7 Ne4 83. Re6+ Kf7 84. Rh6 Rxe3 85. Rxh5 Ke6 86. Rh6+ Kd5 87. Rh5 Nd6 88. Kg5 Ke4 89. Rh4 Rf3 90. Rh7 Rg3+ 91. Kf6 Kxf4 92. Rh4+ Ke3 93. Ke5 f4 94. Kxd6 f3 95. Ke5 f2 96. Re4+ Kf3 97. Rf4+ Kg2 0-1

[Event "Champions Showdown Kings blitz"]
[Site "Saint Louis"]
[Date "2025.03.04"]
[Round "1.3"]
[White "Aronian, Levon"]
[Black "So, Wesley"]
[Result "0-1"]
[WhiteElo "2748"]
[BlackElo "2748"]
[PlyCount "82"]
[EventDate "2025.03.04"]
[EventType "match (blitz)"]
[EventRounds "3"]
[EventCountry "USA"]
[SourceTitle "CB11_2025"]
[SourceDate "2025.03.12"]
[SourceVersion "1"]
[SourceVersionDate "2025.03.12"]
[SourceQuality "1"]

1. e4 e5 2. Nf3 Nc6 3. Bc4 Bc5 4. d3 Nf6 5. h3 d6 6. c3 0-0 7. Bg5 a6 8. Bb3 h6 9. Bh4 g5 10. Bg3 Nh5 11. Nbd2 Qf6 12. Qe2 Kh8 13. 0-0-0 Bd7 14. Rdf1 b5 15. Bh2 Nf4 16. Bxf4 gxf4 17. g4 Rg8 18. Bd5 b4 19. Nb3 bxc3 20. Nxc5 dxc5 21. bxc3 Rab8 22. Qc2 Na5 23. c4 Qb6 24. Kd2 Qb4+ 25. Ke2 Ba4 26. Qd2 Qxd2+ 27. Nxd2 Kg7 28. Rb1 c6 29. Bxf7 Kxf7 30. Rhc1 Rb4 31. Rc3 Rxb1 32. Nxb1 Rb8 33. Nd2 Rb4 34. h4 Nb7 35. g5 hxg5 36. hxg5 Nd8 37. Nf3 Kg6 38. Rc1 Nf7 39. Kf1 Rb2 40. a3 Bc2 41. Ne1 Bb1 0-1

[Event "Champions Showdown Kings blitz"]
[Site "Saint Louis"]
[Date "2025.03.04"]
[Round "1.2"]
[White "So, Wesley"]
[Black "Aronian, Levon"]
[Result "1-0"]
[WhiteElo "2748"]
[BlackElo "2748"]
[PlyCount "97"]
[EventDate "2025.03.04"]
[EventType "match (blitz)"]
[EventRounds "3"]
[EventCountry "USA"]
[SourceTitle "CB11_2025"]
[SourceDate "2025.03.12"]
[SourceVersion "1"]
[SourceVersionDate "2025.03.12"]
[SourceQuality "1"]

1. d4 Nf6 2. c4 e6 3. Nc3 Bb4 4. e3 0-0 5. Bd2 c5 6. a3 Bxc3 7. Bxc3 Ne4 8. Ne2 d6 9. f3 Nxc3 10. Nxc3 cxd4 11. Qxd4 Nc6 12. Qd2 Qe7 13. Be2 b6 14. 0-0 Bb7 15. Rfd1 Rfd8 16. b4 h6 17. Rac1 a5 18. b5 Ne5 19. Na4 Qg5 20. e4 Nd7 21. Qxg5 hxg5 22. Rxd6 Nc5 23. Rxb6 Nxa4 24. Rxb7 Nc5 25. Rc7 Rdc8 26. Rxc8+ Rxc8 27. Rd1 Kf8 28. Kf2 Ke7 29. Ke3 f6 30. g3 Rh8 31. Rh1 Kd6 32. h4 gxh4 33. Rxh4 Rxh4 34. gxh4 e5 35. f4 Ne6 36. fxe5+ fxe5 37. Kf3 Nd4+ 38. Kf2 Kc5 39. Bd3 Ne6 40. Kg3 Kd4 41. Bb1 Nc5 42. b6 Kxc4 43. Kg4 Kb3 44. Kf5 Kxa3 45. Kg6 Kb2 46. Bd3 a4 47. Bc4 a3 48. Kxg7 Kc3 49. Bg8 1-0

[Event "Bundesliga 2425"]
[Site "Germany"]
[Date "2025.02.22"]
[Round "9.6"]
[White "So, Wesley"]
[Black "Indjic, Aleksandar"]
[Result "1/2-1/2"]
[WhiteElo "2752"]
[BlackElo "2611"]
[PlyCount "119"]
[EventDate "2024.09.28"]
[EventType "team-tourn"]
[EventRounds "15"]
[EventCountry "GER"]
[SourceTitle "CB09_2025"]
[SourceDate "2025.02.27"]
[SourceVersion "1"]
[SourceVersionDate "2025.02.27"]
[SourceQuality "1"]
[WhiteTeam "Duesseldorf"]
[BlackTeam "Deggendorf"]
[WhiteTeamCountry "GER"]
[BlackTeamCountry "GER"]

1. d4 Nf6 2. c4 e6 3. Nc3 Bb4 4. e3 0-0 5. Bd3 c5 6. Nge2 d5 7. cxd5 cxd4 8. exd4 Nxd5 9. a3 Ba5 10. 0-0 Nc6 11. Bc2 Nce7 12. Qd3 g6 13. Bg5 f6 14. Bd2 Bc7 15. Rfe1 Bd7 16. Ng3 Rc8 17. Bb3 Bxg3 18. hxg3 Kg7 19. Re4 Rf7 20. Rae1 Rc6 21. R4e2 Bc8 22. Ba4 Ra6 23. Bb5 Nxc3 24. bxc3 Rxa3 25. Qb1 h5 26. Qb2 Ra5 27. c4 Rxb5 28. Qxb5 Qxd4 29. Be3 Qd7 30. Bxa7 Qxb5 31. cxb5 Nd5 32. Rc2 Bd7 33. b6 Rf8 34. Rc5 Kf7 35. f4 Rc8 36. Rxc8 Bxc8 37. Kf2 Bd7 38. Rc1 Ke8 39. Bb8 Ke7 40. Rc2 Bb5 41. Rc8 Kd7 42. Rf8 Bd3 43. Bc7 Kc6 44. Bd8 Kd7 45. Bc7 Kc6 46. Rf7 Bf5 47. Bd8 Be4 48. Bxf6 Kxb6 49. Bd4+ Kc6 50. Rf8 b6 51. Re8 Kd7 52. Rb8 Kc6 53. Be5 Kc5 54. Re8 Bf5 55. Ke2 Kc4 56. Rc8+ Kb3 57. Rb8 Kc4 58. Rc8+ Kb3 59. Rb8 Kc4 60. Rc8+ 1/2-1/2